zpět

Detail výsledku týmu

Pivovar Prokopák, Praha

Datum a čas kvízu

39 Celkem bodů Celkový počet nahraných bodů na tomto kvízu bez doplňovacích otázek.
4. Pořadí na kvízu Konečné umístění týmu na tomto kvízu.

Zaznamenané odpovědi

# Otázka Odpověď Body Výsledky
1. K razantnímu kroku přistoupila... tepláky a crop topy (krátká trika) 1
2. Donald Trump a technika se na... eskalátor 1
3. Do televizní reality show Love... o Daru Rolins 1
4. Do Česka přichází nový módní ř... z Japonska 1
5. Jak se jmenuje nový držitel pr... Ousmane Dembélé 1
6. Gesto, které vidíme na obrázku... 1D 2B 3A 4C 0
7. Gesto na obrázku znamená v mno... o stoletou válku 1
8. Sheldon Cooper v Teorii velkéh... papír a tapír (ještěr) 1
9. Která dvě písmena české dvouru... CH, R 1
10. Na výřezu z obrazu francouzské... paroháč (že je mu žena nevěrná) 0